000 00341nam a22001217a 4500
003 SGT
082 _a200
_bS02S
100 _aशारदानंद, स्वामी
245 _aश्रीरामकृष्णलीलाप्रसंग
260 _b रामकृष्णमठ
_c2002
300 _a978
942 _2ddc
_cBK
999 _c31691
_d31691